| 000 | 00821nam a2200205 a 4500 | ||
|---|---|---|---|
| 003 | 0 | ||
| 005 | 20250315094037.0 | ||
| 008 | 071127s19uu xx 00 eng d | ||
| 050 |
_aPGS BF 723.B5.A33 _b.On58 2007 |
||
| 100 | _aOng, Alyana Sabrina K. | ||
| 245 |
_aEffects of birth rank on the academic performance of grade six students / _cAlyana Sabrina K. Ong. |
||
| 260 |
_aLas PiƱas City, Philippines : _bSouthville International School and Colleges, _c2007. |
||
| 300 |
_a35 pages : _billustrations ; _c28 cm. |
||
| 504 | _aIncludes bibliographical references. | ||
| 650 |
_aBirth order _vPsychological aspects. |
||
| 650 |
_aAcademic achievement _vPsychological aspects. |
||
| 650 |
_aBirth order _vEducational aspects. |
||
| 650 |
_aStudents _vAcademic performance _vInfluence of birth order. |
||
| 942 |
_2lcc _cPASS |
||
| 999 |
_c97753 _d97753 |
||